KOHA-Header-6

The Social Cognition and Object relations scale-Global Rating Method (SCORS-G) (Record no. 13680)

000 -LEADER
fixed length control field 00424nam a22001457a 4500
020 ## - INTERNATIONAL STANDARD BOOK NUMBER
ISBN 9781138633407
082 ## - DEWEY DECIMAL CLASSIFICATION NUMBER
Classification number 616.89
Item number STE
100 ## - MAIN ENTRY--AUTHOR NAME
Personal name Stein, Michelle B
245 ## - TITLE STATEMENT
Title The Social Cognition and Object relations scale-Global Rating Method (SCORS-G)
260 ## - PUBLICATION, DISTRIBUTION, ETC. (IMPRINT)
Place of publication New York
Name of publisher Routledge
Year of publication 2018
300 ## - PHYSICAL DESCRIPTION
Number of Pages xi, 263 P.
650 ## - SUBJECT ADDED ENTRY--TOPICAL TERM
Topical Term Behavior rating scale, Mental Disorder
700 ## - ADDED ENTRY--PERSONAL NAME
Personal name Jenelle Slavin-Mulford
942 ## - ADDED ENTRY ELEMENTS (KOHA)
Koha item type Books
Holdings
Withdrawn status Lost status Collection code Permanent Location Current Location Shelving location Date acquired Full call number Accession Number Koha item type
    Psychology MAJU MAJU Shelf No.A35 2023-01-18 616.89 STE 10775 Psychology

Powered by Koha